00474nam a2200169Ia 4500008004100000020002800041040001900069041001200088082002300100100001700123245004900140260004100189300002500230440002500255650000800280850001600288131103s9999 xx 000 0 und d a81 237 1682 6cRs.45.00 aLoreto College aEnglish aREFb3 LCBED/13249 aBedi, Ramesh aElephant b lord of the jungle cRamesh Bedi aNew DelhibNational Book Trustc1998 a101p.b pic.c 21cm. aYoung Indian Library aREF aLCBED/REF 3